| Tag |
First Indicator |
Second Indicator |
Subfields |
| LEADER |
00000cam a22000008a 4500 |
| 001 |
in00001025708 |
| 005 |
20150928120308.0 |
| 008 |
910422s1991 nyu bf 0010 eng |
| 010 |
|
|
|a 91000711
|
| 020 |
|
|
|a 0070356858
|
| 035 |
|
|
|a (OCoLC)23733616
|
| 035 |
|
|
|9 AFF5729AM
|
| 040 |
|
|
|a DLC
|c DLC
|d UtOrBLW
|
| 049 |
|
|
|a TXAM
|
| 050 |
0 |
0 |
|a TA332
|b .K87 1991
|
| 082 |
0 |
0 |
|a 620/.001/51
|2 20
|
| 100 |
1 |
|
|a Kurtz, Max,
|d 1920-
|
| 245 |
1 |
0 |
|a Handbook of applied mathematics for engineers and scientists /
|c Max Kurtz.
|
| 263 |
|
|
|a 9106
|
| 264 |
|
1 |
|a New York :
|b McGraw-Hill,
|c [1991]
|
| 264 |
|
4 |
|c ©1991
|
| 300 |
|
|
|a 1 volume (various pagings) :
|b illustrations
|
| 336 |
|
|
|a text
|b txt
|2 rdacontent
|
| 337 |
|
|
|a unmediated
|b n
|2 rdamedia
|
| 338 |
|
|
|a volume
|b nc
|2 rdacarrier
|
| 504 |
|
|
|a Includes bibliographical references and index.
|
| 650 |
|
0 |
|a Engineering mathematics
|v Handbooks, manuals, etc.
|
| 999 |
|
|
|a MARS
|
| 999 |
f |
f |
|s 02530196-602c-3991-b86c-1987f3ce4d9e
|i cac2f854-0d09-3d5c-8a32-62896e7713bd
|t 0
|
| 952 |
f |
f |
|p ric
|a Texas A&M University
|b Rellis Campus
|c Joint Library Facility
|d Remote Storage
|t 0
|e TA332 .K87 1991
|h Library of Congress classification
|i unmediated -- volume
|m A14815173954
|
| 998 |
f |
f |
|a TA332 .K87 1991
|t 0
|l Remote Storage
|